Loading...

The Pengin Gudie to Vaastu; The Classical Indian Science of Architecture and Design

Bibliographic Details
Main Author: Sashikala Ananth
Format: Printed Book
Published: New Delhi; The Penguin Books Ltd; 1998
Edition:1st
Subjects:
LEADER 00586nam a22001577a 4500
020 |a 0-14-027863-X 
082 |a 301  |b SAS/T N8 
100 |a Sashikala Ananth  |9 172569 
245 |a The Pengin Gudie to Vaastu;  |b The Classical Indian Science of Architecture and Design 
250 |a 1st 
260 |a New Delhi;  |b The Penguin Books Ltd;  |c 1998 
300 |a 197p. 
650 |a English; Sociology  |9 308599 
942 |c BK 
999 |c 64103  |d 64103 
952 |0 0  |1 0  |4 0  |6 301_000000000000000_SAS_T_N8  |7 0  |8 SOCIO  |9 76715  |a MAL  |b MAL  |d 2016-10-07  |e  47921  |g 200.00  |l 0  |o 301 SAS/T N8  |p MAL047921  |r 2016-10-07  |t 1  |w 2016-10-07  |y BK